Statistics for Nicknames of U.S. States Map Quiz

Click here to take the quiz!

General Stats

  • This quiz has been taken 726 times
  • The average score is 27 of 50

Answers on the Map

Answers color-coded by a green-red scale on the quiz's map according to % correct below.
 

Answer Stats

Answer% Correct
Aloha State
91%
Lone Star State
82%
Empire State
79%
Golden State
79%
Grand Canyon State
77%
Sunshine State
74%
Last Frontier
73%
Peach State
72%
Mount Rushmore State
69%
First State
64%
Bluegrass State
62%
Garden State
60%
Pelican State
60%
Evergeeen State
59%
Land of Enchantment
59%
Land of 10,000 Lakes
58%
Buckeye State
56%
Tar Heel State
55%
Silver State
54%
Beaver State
53%
Hoosier State
53%
Badger State
52%
Land of Lincoln
52%
Magnolia State
51%
Palmetto State
51%
Show-Me State
51%
Sooner State
51%
Cornhusker State
50%
Volunteer State
50%
Ocean State
49%
Sunflower State
49%
Bay State
48%
Old Dominion
48%
Beehive State
47%
Constitution State
47%
Green Mountain State
47%
Keystone State
47%
Mountain State
44%
Equality State
43%
Pine Tree State / Vacationland
43%
Granite State
42%
Centennial State
41%
Gem State
41%
Hawkeye State
41%
Wolverine State
41%
Old Line State
38%
Peace Garden State
37%
Natural State
36%
Treasure State
35%
Yellowhammer State
35%

Score Distribution

Percentile by Number Answered

Percent of People with Each Score

Your Score History

You have not taken this quiz